00803nam a22002057a 4500999001900000005001700019010001500036020002700051035001400078037001300092082001000105100002400115245012400139260004000263270010900303300002000412500001900432942002400451952012200475 c166357d16635720190722130444.0 aENG-126033 a9788178443065c1495.00 aEN-109565 bDBAD/PUB a507.8 aKansal, Devinder K. aA textbook of sports science :cby Devinder K.Kansalbtest evaluation accreditation measurement and standards (teams) / aNew DelhibR.K. Pulblicationsc2018 a4806/24, Bharat Ram Road, Darya GanjbNew Delhie110002k011-23285167, 65185557minfo@kkpublications.com a603p.c24cm(Hb) aIncludes index 2ddccENh507.8mKAN 001040708NFICaAGbAGd2019-07-22eDBAD/PUBg1495.00l0o507.8 KANpEN-109565r2019-07-22 00:00:00t1v1495.00yEN